| 000 | 00665nam a2200241 a 4500 | ||
|---|---|---|---|
| 003 | AR-BaBNM | ||
| 005 | 20251128203714.0 | ||
| 008 | 082120s2002 ||||||||||||||000 | spa|| | ||
| 040 | _cAR-BaBNM | ||
| 100 | 1 | _aGonzález Arrili, Bernardo | |
| 245 | 0 | 0 | _aHombres de Mayo |
| 260 |
_aBuenos Aires _bF. Crespillo _c1960 |
||
| 300 |
_a189 p. _bláms., il. |
||
| 650 | 4 | _aPERIODO INDEPENDIENTE | |
| 650 | 4 | _aREVOLUCION DE MAYO | |
| 650 | 4 | _aANTECEDENTES DE LA REVOLUCION DE MAYO | |
| 650 | 4 | _aMOVIMIENTOS EMANCIPADORES LATINOAMERICANOS | |
| 650 | 4 | _aSEMANA DE MAYO | |
| 650 | 4 | _aPRIMERA JUNTA | |
| 700 | 0 |
_aMaltz _eilustrador |
|
| 942 | _cBK | ||
| 998 | _cmariana | ||
| 999 |
_c4564 _d4564 |
||